Library Logo

Pioneer International University Library Catalogue

Traceless / (Record no. 8853)

MARC details
000 -LEADER
fixed length control field 01398cam a22003853a 4500
001 - CONTROL NUMBER
control field 15571426
003 - CONTROL NUMBER IDENTIFIER
control field OSt
005 - DATE AND TIME OF LATEST TRANSACTION
control field 20250901165746.0
008 - FIXED-LENGTH DATA ELEMENTS--GENERAL INFORMATION
fixed length control field 070706s2007 nyu 000 f eng
010 ## - LIBRARY OF CONGRESS CONTROL NUMBER
LC control number 2009367583
015 ## - NATIONAL BIBLIOGRAPHY NUMBER
National bibliography number GBA753339
Source bnb
016 7# - NATIONAL BIBLIOGRAPHIC AGENCY CONTROL NUMBER
Record control number 013789244
Source Uk
020 ## - INTERNATIONAL STANDARD BOOK NUMBER
International Standard Book Number 9780312942229 (pbk.)
020 ## - INTERNATIONAL STANDARD BOOK NUMBER
International Standard Book Number 0312942222 (pbk.)
035 ## - SYSTEM CONTROL NUMBER
System control number (OCoLC)ocn148910535
035 ## - SYSTEM CONTROL NUMBER
System control number (OCoLC)148910535
040 ## - CATALOGING SOURCE
Original cataloging agency UKM
Transcribing agency UKM
Modifying agency BTCTA
-- BAKER
-- OCO
-- IF9
-- OCLCQ
-- DLC
042 ## - AUTHENTICATION CODE
Authentication code lccopycat
050 00 - LIBRARY OF CONGRESS CALL NUMBER
Classification number CPB Box no. 2810 vol. 4 2007
100 1# - MAIN ENTRY--PERSONAL NAME
Personal name Webb, Debra.
245 10 - TITLE STATEMENT
Title Traceless /
Statement of responsibility, etc. Debra Webb.
250 ## - EDITION STATEMENT
Edition statement St. Martin's Paperbacks ed.
260 ## - PUBLICATION, DISTRIBUTION, ETC.
Place of publication, distribution, etc. New York :
Name of publisher, distributor, etc. St. Martin's Paperbacks,
Date of publication, distribution, etc. 2007.
300 ## - PHYSICAL DESCRIPTION
Extent viii, 340 p. ;
Dimensions 18 cm.
490 0# - SERIES STATEMENT
Series statement St. Martin's Paperbacks novel
520 ## - SUMMARY, ETC.
Summary, etc. Ten years after the killing of her best friend, Emily Wallace returns to her hometown when she discovers that Clint Austin, the man convicted of the crime with her testimony, has been released from prison.
650 #0 - SUBJECT ADDED ENTRY--TOPICAL TERM
Topical term or geographic name entry element Ex-convicts
Geographic subdivision Alabama
Form subdivision Fiction.
650 #0 - SUBJECT ADDED ENTRY--TOPICAL TERM
Topical term or geographic name entry element Judicial error
Form subdivision Fiction.
655 #7 - INDEX TERM--GENRE/FORM
Genre/form data or focus term Romantic suspense fiction.
Source of term gsafd
655 #7 - INDEX TERM--GENRE/FORM
Genre/form data or focus term Suspense fiction.
Source of term gsafd
710 2# - ADDED ENTRY--CORPORATE NAME
Corporate name or jurisdiction name as entry element Copyright Paperback Collection (Library of Congress)
Institution to which field applies DLC
906 ## - LOCAL DATA ELEMENT F, LDF (RLIN)
a 7
b cbc
c copycat
d 2
e ncip
f 20
g y-genrareb
942 ## - ADDED ENTRY ELEMENTS (KOHA)
Source of classification or shelving scheme Library of Congress Classification
Koha item type Books
Holdings
Withdrawn status Lost status Source of classification or shelving scheme Damaged status Not for loan Home library Current library Shelving location Date acquired Total checkouts Full call number Barcode Date last seen Price effective from Koha item type
    Library of Congress Classification     Main Library Main Library   10/11/2024   CPB Box no. 2810 vol. 4 2007 PIU0009953 10/11/2024 10/11/2024 Books